000 00511nam a22001697a 4500
005 20251108172649.0
008 250721s2000 xx 000 0 ara d
082 1 4 _a621.381045/صني
100 1 _aصنيج، جورج
245 1 0 _aدليل دارات الإلكترونيات البصرية /
264 1 _aدمشق :
_bدار الرضا،
_c2000.
300 _a245ص.
650 1 7 _aالهندسة الإلكترونية
650 1 7 _aبصريات الجسيمات
942 _2ddc
_cBK
999 _c85319
_d85319